000 00434nam a2200157Ia 4500
008 210716s2004 xx 000 0 und d
020 _a0070586691
041 _aeng
082 _a658.84 BOWD
100 _aBowersox, Donald J;Cooper, M Bixby.
245 _aStrategic marketing channel management.
250 _a1
260 _aNew Delhi
_bTata McGraw Hill Publishing Company Ltd
_c2004
300 _axix,488
650 _aMarketing
999 _c201390
_d201390